000 00611cam a2200229 4500
001 M895
008 090401t1992 xxu||||| |||| 00| 0 eng d
035 _a(Sirsi) u6226
041 0 _aeng
050 0 4 _a333.0062 $2 18
090 _aRICS 1992/41ABCD
110 2 _aRoyal Institution of Chartered Surveyors
_94900
245 0 0 _aAnnual review
_bmanaging change.
260 _aLondon
_bRICS
_c1992
300 _a17p.
_c30cm.
490 0 _aRICS Annual Report
490 0 _aRICS Financial Statements
651 4 _aInternational
690 _aABOUT RICS-RICS ANNUAL REPORT
942 _n0
948 _c04/03/1997
999 _c86258
_d86258